top10 NBA players all time - Statistics

General Stats
  • This quiz has been taken 976 times
  • The average score is 6 of 10
Answer Stats
Answer % Correct
michael Jordan
99%
lebron james
96%
Kobe Bryant
87%
Shaquille O'Neal
67%
Wilt Chamberlain
60%
Abdul-Jabbar
58%
Tim Duncan
54%
Bill Russell
53%
Hakeem Olajuwon
36%
Magic Jonhson
11%
No matching quizzes found
Score Distribution
Percent of People with Each Score
Percentile by Number Answered
Your Score History
You have not taken this quiz